Top 10 Newcastle United Starting XI - Statistics

General Stats
  • This quiz has been taken 646 times
    213 since last reset
  • The average score is 30 of 65
Answer Stats
Team Player % Correct
2022-23, 2024-25 Nick Pope
98%
2023-24 Alexander Isak
96%
2022-23, 2023-24, 2024-25 Bruno Guimarães
94%
2022-23, 2023-24, 2024-25 Fabian Schär
94%
2022-23, 2023-24, 2024-25 Joelinton
94%
2022-23, 2023-24 Kieran Trippier
94%
2023-24 Anthony Gordon
92%
2022-23, 2023-24 Miguel Almirón
90%
2024-25 Sandro Tonali
88%
2022-23, 2023-24 Sven Botman
88%
2022-23, 2023-24, 2024-25 Dan Burn
86%
1996-97, 2001-02, 2002-03 Alan Shearer
85%
2023-24 Martin Dúbravka
85%
2011-12 Demba Ba
84%
2022-23 Callum Wilson
81%
2024-25 Valentino Livramento
74%
2022-23, 2023-24 Sean Longstaff
72%
2024-25 Jacob Murphy
70%
2024-25 Lewis Hall
68%
2001-02, 2002-03 Shay Given
68%
2022-23 Joe Willock
67%
2011-12 Tim Krul
65%
2011-12 Fabricio Coloccini
55%
1993-94 Andy Cole
54%
1995-96 David Ginola
49%
2011-12 Yohan Cabaye
49%
1995-96, 1996-97 Les Ferdinand
45%
2001-02, 2002-03 Nolberto Solano
44%
2001-02, 2002-03 Gary Speed
43%
2011-12 Cheick Tioté
42%
2001-02 Craig Bellamy
37%
2011-12 Davide Santon
35%
1995-96 Shaka Hislop
35%
1993-94, 1994-95, 1995-96, 1996-97 Rob Lee
33%
1993-94, 1994-95, 1995-96, 1996-97 Peter Beardsley
32%
2011-12 Jonás Gutiérrez
31%
2001-02, 2002-03 Kieron Dyer
29%
2011-12 Ryan Taylor
29%
1993-94, 1995-96 Lee Clark
28%
1996-97 Philippe Albert
28%
2001-02, 2002-03 Aaron Hughes
26%
2001-02, 2002-03 Laurent Robert
26%
1995-96 Warren Barton
26%
1995-96, 1996-97 Keith Gillespie
24%
2011-12 Mike Williamson
24%
1993-94, 1994-95, 1996-97 Pavel Srníček
24%
1996-97 David Batty
21%
1993-94, 1994-95, 1995-96 John Beresford
21%
2001-02 Nikos Dabizas
21%
1994-95, 1995-96, 1996-97 Darren Peacock
20%
1993-94, 1994-95, 1995-96 Steve Howey
19%
1993-94, 1994-95, 1996-97 Steve Watson
19%
2011-12 Danny Simpson
18%
2011-12 Gabriel Obertan
17%
2002-03 Jermaine Jenas
17%
2001-02, 2002-03 Andy O'Brien
14%
1993-94, 1994-95 Barry Venison
13%
1994-95 Marc Hottiger
13%
1996-97, 2001-02 Robbie Elliott
13%
2002-03 Olivier Bernard
12%
1994-95 Paul Kitson
12%
1994-95 Ruel Fox
12%
2002-03 Andy Griffin
11%
1993-94 Paul Bracewell
8%
1993-94 Scott Sellars
8%
No matching quizzes found
Score Distribution
Percent of People with Each Score
Percentile by Number Answered
Your Score History
You have not taken this quiz since the last reset